Statistics for Taiwan Immigration by Country

Click here to take the quiz!

General Stats

  • This quiz has been taken 919 times
    (244 since last reset)
  • The average score is 14 of 16

Answer Stats

# PeopleCountry of Origin% Correct
15,956Japan
100%
234,329Indonesia
97%
11,462United States
96%
154,075Philippines
95%
72,061Thailand
93%
234,100Vietnam
93%
4,843South Korea
92%
4,671India
89%
23,749Malaysia
89%
2,579Canada
87%
2,989United Kingdom
85%
1,841France
82%
1,271Germany
78%
1,766Singapore
77%
2,611Myanmar
73%
1,539South Africa
34%

Score Distribution

Percentile by Number Answered

Percent of People with Each Score

Your Score History

You have not taken this quiz since the last reset